Normal view
MARC view
Entry Personal Name
001 - CONTROL NUMBER
- control field: 49328
003 - CONTROL NUMBER IDENTIFIER
- control field: dpl
005 - DATE AND TIME OF LATEST TRANSACTION
- control field: 20120620104636.0
008 - FIXED-LENGTH DATA ELEMENTS
- fixed length control field: 120620|||a|||||| | ||| d
040 ## - CATALOGING SOURCE
- Original cataloging agency: dpl
- Transcribing agency: dpl
100 ## - HEADING--PERSONAL NAME
- Personal name: श्रीवास्तव, विद्या
670 ## - SOURCE DATA FOUND
- Source citation: Work cat.: (dpl)68072: श्रीवास्तव, विद्या, आविष्कारों का विचित्र संसार /, 1999
670 ## - SOURCE DATA FOUND
- Source citation: Work cat.: (dpl)68072: श्रीवास्तव, विद्या, आविष्कारों का विचित्र संसार /, 1999
